| 000 -Etiqueta do registo | |
|---|---|
| campo de controlo de comprimento fixo | 00720nam a2200241 4500 |
| 001 - Identificador do registo | |
| Campo de controlo | 73120 |
| 005 - Identificador da versão | |
| Campo de controlo | 20260430081214.0 |
| 010 ## - ISBN | |
| Número (ISBN) | 978-972-0-72626-1 |
| 100 ## - Dados Gerais de Proc. | |
| Dados gerais de processamento | 20260429d2024 a||y0pory50030103ba |
| 101 0# - Língua da publicação | |
| Língua do texto, banda sonora, etc. | Português |
| 102 ## - País de Publicação | |
| País de publicação | Portugal |
| 200 1# - Título | |
| Título próprio | O rapaz de bronze |
| Primeira menção de responsabilidade | Sophia de Mello Breyner Andresen |
| Outras menções de responsabilidade | il. Inês do Carmo |
| 205 ## - Menção da edição | |
| Menção da edição | 20.ª ed. reimp. |
| 210 #9 - Publicação, Distribuição | |
| Lugar da edição, distribuição, etc. | Porto |
| Nome do editor, distribuidor, etc. | Porto Editora, |
| Data da publicação, distribuição, etc. | 2024 |
| 215 ## - Descrição física | |
| Descrição física | 50, [2] p. |
| Outras indicações físicas | il. color., des. |
| 675 ## - CDU | |
| Notação | 087.5 |
| Edição | BN |
| Língua da edição | Português |
| 675 ## - CDU | |
| Notação | 821.134.3-93"19/20" |
| Edição | BN |
| Língua da edição | Português |
| 675 ## - CDU | |
| Notação | 821.134.3-34"19/20" |
| Edição | BN |
| Língua da edição | Português |
| 700 #1 - Responsabilidade principal | |
| Palavra de ordem | Andresen |
| Outra parte do nome | Sofia de Melo Breyner |
| Datas | 1919-2004 |
| Koha Internal Code | 50173 |
| 702 ## - Responsabilidade secundária | |
| Palavra de ordem | Carmo |
| Outra parte do nome | Inês do |
| Datas | 1968- |
| Código de função | Ilustrador |
| Koha Internal Code | 12704 |
| 801 #0 - Fonte de origem | |
| País | Portugal |
| Agência | BN |
| Regras de catalogação | RPC |
| 090 ## - Números de controlo do sistema (Koha) | |
| Número biblioitem do Koha (gerado automaticamente) | 73120 |
| 942 ## - Elementos de entrada adicionados (Koha) | |
| Tipo de item no Koha | Monografias |
| Suprimido | Disponível no OPAC |
| Removido (estado) | Perdido (estado) | Data de aquisição | Origem do registo (biblioteca) (codificado) | Código da organização que empresta ou é detentora (biblioteca) | Localização da prateleira | Código de barras | Local | Número de inventário | Cota | Tipo de circulação (não pode ser emprestado) | Preço | Tipo de item e material |
|---|---|---|---|---|---|---|---|---|---|---|---|---|
| Disponível | Disponível | 2025-07-14 | Biblioteca Municipal Álvaro de Campos | Biblioteca Municipal Álvaro de Campos | Plano Nacional de Leitura – 2.º Ciclo | BMTAV72352 | Sala Infantil | 72352 | MJ3 AND | Normal | 13.00 | Monografias |